| 000 | 00459nam a2200181 a 4500 | ||
|---|---|---|---|
| 020 | _a8120239 | ||
| 082 | 0 | 0 |
_a305.6 _bSHA |
| 100 | _aShakir, Moin | ||
| 245 | _aReligion, State And Politics in India | ||
| 260 |
_aDelhi _bAjanta Publications _c1989 |
||
| 300 | _a504p | ||
| 500 | _aincludes index and biblioraphy | ||
| 505 | 2 | _aIndex | |
| 650 | _aCommunalism-India | ||
| 650 | _aIndia-Religion and Politics | ||
| 700 | 1 | _aShakir, Moin | |
| 942 | _cBK | ||
| 999 |
_c6419 _d6419 |
||